| 000 | 01800nam a2200373 a 4500 | ||
|---|---|---|---|
| 001 | ebr10465999 | ||
| 003 | CaPaEBR | ||
| 006 | m u | ||
| 007 | cr cn||||||||| | ||
| 008 | 110428s2011 dcua sb 000 0 eng d | ||
| 010 | _z 2011923200 | ||
| 020 | _z0309159512 | ||
| 020 | _z9780309159517 | ||
| 040 |
_aCaPaEBR _cCaPaEBR |
||
| 035 | _a(OCoLC)720654008 | ||
| 050 | 1 | 4 |
_aQA76.9.E94 _bN384 2011eb |
| 110 | 2 |
_aNational Research Council (U.S.). _bCommittee on Sustaining Growth in Computing Performance. |
|
| 245 | 1 | 4 |
_aThe future of computing performance _h[electronic resource] : _bgame over or next level? / _cSamuel H. Fuller and Lynette I. Millett, editors. ; Committee on Sustaining Growth in Computing Performance, Computer Science and Technology Board, Division on Engineering and Physical Science, National Research Council of the National Academies. |
| 246 | 3 | 0 | _aGame over or next level? |
| 260 |
_aWashington, D.C. : _bNational Academies Press, _cc2011. |
||
| 300 |
_axiv, 185 p. : _bill. |
||
| 504 | _aIncludes bibliographical references. | ||
| 533 |
_aElectronic reproduction. _bPalo Alto, Calif. : _cebrary, _d2011. _nAvailable via World Wide Web. _nAccess may be limited to ebrary affiliated libraries. |
||
| 650 | 0 |
_aElectronic digital computers _xEvaluation. |
|
| 650 | 0 | _aMultiprocessors. | |
| 650 | 0 |
_aTechnological innovations _xForecasting. |
|
| 655 | 7 |
_aElectronic books. _2local |
|
| 700 | 1 |
_aFuller, Samuel H., _d1946- |
|
| 700 | 1 | _aMillett, Lynette I. | |
| 710 | 2 |
_aNational Research Council (U.S.). _bComputer Science and Technology Board. |
|
| 710 | 2 | _aNational Academies Press (U.S.) | |
| 710 | 2 | _aebrary, Inc. | |
| 856 | 4 | 0 |
_uhttp://site.ebrary.com/lib/rucke/Doc?id=10465999 _zAn electronic book accessible through the World Wide Web; click to view |
| 999 |
_c132774 _d132774 |
||